Spices.Vol 2 (Record no. 13826)
[ view plain ]
| 000 -LEADER | |
|---|---|
| fixed length control field | 00327nam a22001457a 4500 |
| 020 ## - INTERNATIONAL STANDARD BOOK NUMBER | |
| ISBN | 8170194482 |
| 082 ## - DEWEY DECIMAL CLASSIFICATION NUMBER | |
| Classification number | 633.83 PAR/SP |
| 100 ## - MAIN ENTRY--AUTHOR NAME | |
| Personal name | Parthasarathy V A |
| 100 ## - MAIN ENTRY--AUTHOR NAME | |
| Personal name | Utapla Parthasarathy |
| 100 ## - MAIN ENTRY--AUTHOR NAME | |
| Personal name | Kumar A |
| 245 ## - TITLE STATEMENT | |
| Title | Spices.Vol 2 |
| 260 ## - PUBLICATION, DISTRIBUTION, ETC. (IMPRINT) | |
| Place of publication | New Delhi |
| Name of publisher | Today & Tomorrow's |
| Year of publication | 2008 |
| 300 ## - PHYSICAL DESCRIPTION | |
| Number of Pages | 371 |
| 942 ## - ADDED ENTRY ELEMENTS (KOHA) | |
| Koha item type | Books |
| Withdrawn status | Lost status | Damaged status | Collection code | Home library | Current library | Shelving location | Date acquired | Source of acquisition | Cost, normal purchase price | Full call number | Accession Number | Koha item type |
|---|---|---|---|---|---|---|---|---|---|---|---|---|
| Non-fiction | KAUAET | KAUAET | Reference | 31/03/2012 | Penta Books,Calicut | 2195.00 | 633.83 PAR/SP | 22629 | Books |
